000 00428nam a2200157Ia 4500
008 150610s9999 xx 000 0 und d
020 _a00 64471276
050 _aPZ7
_b .B7913Wh 1995 
100 _aBrooks, Bruce
245 _aWhat hearts /
_cBruce Brooks.
250 _a1st ed.
260 _aNew York :
_b HarperCollins, 
_c1995.
300 _a202pages ;
_c18 cm.
520 _aFiction.
650 _aStepfathers
_xFiction.
999 _c288131
_d288131